Le Quizz Ultime des Comédies musicales - Statistiques

Statistiques générales
  • Ce quiz a été pris 187 fois
  • Le résultat moyen est 14 sur 55
Statistiques - réponses
Hint Réponse % Correct
Quel est le nom de l'opéra rock réalisé par Luc Plamandon et Michel Berger ? Starmania
80%
En quelle année a eu lieu la première du Roi Soleil ? 2005
77%
Dans combien de comédies musicales Merwan Rim a t-il joué ? 4
76%
Quelle comédie musicale se base sur le titre d'Abba ? Mamma Mia
62%
Quelle comédie musicale a été créée autour de Matt Pokora ? Robin des Bois
59%
Quel est le titre phare de Roméo et Juliette ? Les Rois du monde
57%
Quelle actrice a interprété le rôle de Cléopâtre ? Sofia essaidi
49%
Où se déroule West Side Story? New York
48%
Quel est le nom de la demi soeur du Roi Arthur ? Morgane
47%
Quelle actrice a été révélée par 1789 ? Camille Lou
46%
Qui est l'interprète originale de Juliette ? Cécilia Cara
46%
Quel musical porte à l'écran la vie de PT Barnum ? The Greatest showman
45%
Qui est le créateur d'Hamilton ? Lin Manuel Miranda
39%
Quelle chanteuse star de Notre Dame de Paris a prêté sa voix au personnage de Barbie dans les années 2000 ? Julie Zenatti
34%
Quelle est le rappel de Notre Dame de Paris ? Le temps des cathédrales
34%
Quelle comédie musicale récompensée par un Olivier Awards est une adaptation d'un livre de Roald Dahl Matilda
30%
Quel personnage meurt dans le deuxième acte d'Hamilton ? Philip Hamilton
30%
Quelle comédie musicale raconte l'histoire d'un barbier ? Sweeney Todd
29%
Quel âge avait Julie Zenatti lors de la première de Notre Dame de Paris ? 17 ans
28%
Quel spectacle met en scène l'histoire d'une petite fille rousse durant la grande dépression ? Annie
28%
Quel est le lien entre David et Laurent Bàn ? Frères
26%
Quel spectacle met en scène la vie d'une jeune sainte originaire des Pyrénées ? Bernadette de Lourdes
24%
Quelle est la nom de la petite fille dans 1789 ? Charlotte
24%
Dans Notre Dame de Paris quel est le nom du cabaret en haut de la rue saint Denis ? Le Val d'amour
23%
Quel est le nom du solo de Fantine ? I dreamed a dream
22%
Quelle chanson marque la fin de l'acte I du Roi Soleil ? S'aimer est interdit
22%
Quel est le nom du premier final de Mozart l'Opéra Rock ? Debout les Fous
19%
Quel est le lien entre la reine des neiges, cendrillon, Roméo et Juliette et Dracula ? Anaïs Delva
18%
Newsies était en premier une comédie musicale ou un film ? Un film
18%
Qui a interprété Simba dans l'adaptation française du Roi Lion ? Gwendal Marimoutou
16%
Quel est le nom de la chanson marquant la sortie des juifs d'Égypte dans les 10 commandements? LIBRE
16%
Quelle star a joué le rôle d'Eva Peron ? Madonna
16%
Qui a repris le rôle de Constance Mozart après le départ de Claire Pérot? Diane Dassigny
15%
Quelle chanson ouvre l'acte I et l'acte II des Misérables Look down
15%
Quelle comédie musicale se passe au Viêtnam ? Miss Saigon
14%
Quelle comédie musicale anglophone a vue sa bande son utilisée pour une épreuve de patinage artistique ? Moulin Rouge
14%
Qui a composé les chansons d'Into the woods ? Stephen Sondheim
13%
Quel ancien élève de la Star academy a joué dans Roméo et Juliette les enfants de Verone John Eyzen
11%
Quel est la ville de rêve de Jack dans Newsies? Santa Fe
11%
Quel spectacle met en scène un jeune garçon handicapé passionné de cirque ? Timéo
11%
Qui a chorégraphié Romeo et Juliette ? Redha
10%
Qui est le lien entre Véronique Sanson, Crosby, Stills,Nash and Young et Cléopâtre Christopher Stills
9%
D'où est originaire Lisa Ansaldi, l'interprète de Madame de Montespan ? Corse
9%
Qui joue le rôle du Fantôme dans la version cinématographique du fantôme de l'opéra ? Gérard Butler
9%
Quel est le nom de la suite de Phantom of the opera? Love Never dies
9%
Quel est le titre du duo entre Raoul et Christine dans Phantom of the opera? All I Ask of you
8%
Dans quelle comédie musicale a débuté David Bàn? Les demoiselles de Rochefort
7%
Quelle est le nom de la première actrice ayant joué Christine ? Sarah Brightman
7%
Qui interprète Christine dans le 25 ème anniversaire du Fantôme de l'Opéra ? Sierra Boggess
7%
Dans quel musical apprenons nous l'histoire derrière l'écriture de Peter Pan ? Finding Neverland
5%
De quelle comédie musicale est tirée la Chanson Another Suitcase in Another Hall? Evita
4%
Quelle chanteuse avait été originellement été pressentie pour jouer Scarlett O'Hara ? Nolwenn Leroy
4%
Quel événement a inspiré l'histoire de Starmania ? L'enlèvement de Patricia Hearst
3%
Où se sont rencontrés Dove Attia et Albert Cohen ? Salle de sport
3%
Le point commun entre La petite Sirène, Aladdin, la belle et la bête et little shop of horrors? Howard Ashman
1%
Aucun quiz correspondant
Distribution des résultats
% des personnes avec chaque résultat
Percentile par nombre de réponses
Votre historique - résultats
Vous n’avez pas pris ce quiz